000 00223 a2200097 4500
001 42828
100 _aRaverty G
245 _aNotes on Afghanistan Baluchistan
260 _aQuetta
_bGosha-c-Adas
_c
090 _c26718
_d26718
942 _aNUST-CAE
_cM
_c18578
999 _c277901
_d277901